000 00294nam a2200109Ia 4500
008 231219s9999 xx 000 0 und d
041 _aeng
100 _aRudiger Donbusch and Stanley Fischer
245 _aMacro - Economics
260 _bTata Mcgrawhill Pub Co, NewDelhi
650 _aManagement
999 _c978315
_d978315